Estudios regionales en el siglo XXI: procesos sociales y políticas públicas en la globalización /
Tallennettuna:
| Päätekijä: | |
|---|---|
| Muut tekijät: | , , |
| Aineistotyyppi: | Kirja |
| Kieli: | Spanish |
| Julkaistu: |
México:
Universidad Autónoma de Chiapas,
2011
|
| Tagit: |
Lisää tagi
Ei tageja, Lisää ensimmäinen tagi!
|
MARC
| LEADER | 00000nam a22000007a 4500 | ||
|---|---|---|---|
| 003 | cru CIDCACS/IIS | ||
| 005 | 20180601062532.0 | ||
| 007 | ta | ||
| 008 | 180530s2011 mx |||||r|||||||| ||spa|d | ||
| 999 | |c 41479 |d 41479 | ||
| 020 | |a 082135552X | ||
| 040 | |c cru CIDCACS/IIS | ||
| 090 | |a 04.03.01 E82e | ||
| 100 | 1 | |a Ocampo Guzmán, María Guadalupe |e editora |9 7291 | |
| 245 | 1 | |a Estudios regionales en el siglo XXI: |b procesos sociales y políticas públicas en la globalización / |c María Guadalupe Ocampo Guzmán, José Álvaro Martínez Quezada, Octavio Ixtacuy López, María Marcela Flores Morgan, editores | |
| 260 | |a México: |b Universidad Autónoma de Chiapas, |c 2011 | ||
| 300 | |a 344 páginas: |b tablas, gráficos, mapas | ||
| 700 | 1 | |a Martínez Quezada, José Álvaro |e editor |9 7292 | |
| 700 | 1 | |a Ixtacuy López, Octavio |e editor |9 7293 | |
| 700 | 1 | |9 7294 |a Flores Morgan, María Marcela |e editora | |
| 942 | |2 ddc |c LI | ||



